| 000 | 00435nam a2200121 a 4500 | ||
|---|---|---|---|
| 008 | 120416s1976 ||||||||||||||||| || u | ||
| 050 | _aQL 467 Bla | ||
| 100 | _aBlaney, Walter M | ||
| 245 | 1 | 0 | _aHow insects live |
| 260 |
_aOxford _bElsevier-Phaidon _c1976 |
||
| 350 | _a0.00 | ||
| 995 |
_D0.00 _FCBU-MAIN LIBRARY (Kitwe) _H1 _I4.50 _M1 _UDAMAGED _WMar 21, 2007 _ZMain Library Open Access Collection |
||
| 999 |
_c45773 _d45773 |
||